[Event "Challenge"]
[Site "http://www.queenalice.com/game.php?id=716113"]
[Date "2010.1.19"]
[Round "-"]
[White "GOrwell"]
[Black "KLEOJ"]
[Result "0-1"]
[WhiteElo "2175"]
[BlackElo "2166"]

1. d4 d5 2. c4 Nc6 3. Nf3 Bg4 4. e3 Nf6 5. Nc3 e6 6. Be2 dxc4 7. Bxc4 Bd6 8. O-O
O-O 9. Be2 e5 10. d5 Ne7 11. e4 Ng6 12. Bg5 h6 13. Be3 a6 14. Nd2 Bxe2 15. Nxe2
Ng4 16. Nc4 Nxe3 17. Nxe3 Qg5 18. Kh1 Nh4 19. g3 Ng6 20. Ng1 Ne7 21. Nf3 Qh5 22.
Nh4 Qg5 23. Nhf5 Nxf5 24. Nxf5 g6 25. h4 Qf6 26. Nxh6+ Kg7 27. Ng4 Qe7 28. Ne3
f5 29. exf5 gxf5 30. Qh5 Qf6 31. Kg2 Rf7 32. Qg5+ Qxg5 33. hxg5 Kg6 34. f4 exf4
35. gxf4 Re8 36. Kf3 Rh7 37. Rh1 Reh8 38. Rxh7 Rxh7 39. Rg1 Rh4 40. Ng2 Rh3+ 41.
Ke2 Rh2 42. Kd3 Bc5 43. Ne3 Rxb2 44. Rg2 Rb4 45. Nc4 b5 46. Ne5+ Kg7 47. Nd7 Bd6
48. Nf6 Kg6 49. Nd7 Rxf4 50. Nf6 Rf3+ 51. Kc2 b4 52. Ne8 Bf4 53. Rg1 Rc3+ 54.
Kb1 a5 55. Rg2 a4 56. Nf6 a3 57. Ng8 Rc1# 0-1

[Event "AUTO-OPEN-1669"]
[Site "http://www.queenalice.com/game.php?id=718957"]
[Date "2010.1.23"]
[Round "2"]
[White "whyBish"]
[Black "GOrwell"]
[Result "0-1"]
[WhiteElo "2083"]
[BlackElo "2181"]

1. c4 e5 2. Nc3 Nf6 3. g3 d5 4. cxd5 Nxd5 5. Bg2 Be6 6. d3 Nc6 7. Nf3 Be7 8. a3
Qd7 9. Bd2 f6 10. O-O g5 11. Nxd5 Bxd5 12. Rc1 O-O-O 13. Qa4 Kb8 14. Be3 g4 15.
Rxc6 Qxc6 16. Qxa7+ Kc8 17. Qa5 gxf3 18. Bh3+ Be6 19. Rc1 Qxc1+ 20. Bxc1 Bxh3
21. Qa8+ Kd7 22. Qxb7 fxe2 23. Qb5+ c6 24. Qb7+ Kd6 25. Qb4+ c5 26. Qb6+ Kd7 27.
Qb5+ Ke6 28. Qb3+ Kf5 29. Bd2 Kg6 30. Qc2 Bf5 31. Be1 Rxd3 32. Qxe2 Rhd8 33. g4
Be6 34. Qe4+ Kg7 35. Bc3 Rd1+ 36. Be1 c4 37. h3 R8d4 38. Qe2 Bd5 39. Kh2 Bd6 40.
h4 R4d3 0-1

[Event "AUTO-OPEN-1669"]
[Site "http://www.queenalice.com/game.php?id=718958"]
[Date "2010.1.23"]
[Round "2"]
[White "GOrwell"]
[Black "whyBish"]
[Result "1-0"]
[WhiteElo "2163"]
[BlackElo "2094"]

1. d4 Nf6 2. c4 c5 3. Nf3 cxd4 4. Nxd4 Nc6 5. g3 d6 6. Bg2 Qb6 7. Nxc6 bxc6 8.
Qc2 Bb7 9. Be3 Qc7 10. Nc3 a6 11. O-O e6 12. h3 Be7 13. Rfd1 O-O 14. c5 d5 15.
Na4 Nd7 16. Rac1 a5 17. Nb6 Ra6 18. Nxd7 Qxd7 19. Bd4 f6 20. f4 Ra7 21. e4 Re8
22. b3 Ba6 23. Bb2 Bf8 24. f5 Bb7 25. Bf3 e5 26. exd5 cxd5 27. c6 Bxc6 28. Qxc6
Qxc6 29. Rxc6 e4 30. Be2 Rd7 31. Bd4 Bd6 32. Kg2 Be5 33. Bxe5 fxe5 34. Rxd5 Rxd5
35. Bc4 Rd8 36. Rc5 1-0

[Event "Desafio #11"]
[Site "http://www.queenalice.com/game.php?id=723914"]
[Date "2010.2.1"]
[Round "-"]
[White "Aylton"]
[Black "GOrwell"]
[Result "1-0"]
[WhiteElo "1983"]
[BlackElo "2199"]

1. d4 d5 2. Nf3 Nf6 3. e3 Bg4 4. h3 Bf5 5. c4 e6 6. Nc3 c6 7. a3 Nbd7 8. Bd3 Bg6
9. O-O Be7 10. Bxg6 hxg6 11. cxd5 cxd5 12. Bd2 Rc8 13. Rc1 Nb6 14. Qb3 Nfd7 15.
Rfd1 g5 16. Be1 g4 17. hxg4 Nf6 18. Nh2 Bd6 19. g3 a6 20. Kg2 Nfd7 21. Ne2 Rxc1
22. Rxc1 Qf6 23. Ng1 Qh6 24. Ngf3 Qh3+ 25. Kg1 e5 26. dxe5 Bb8 27. Qb4 Nc4 28.
Rxc4 dxc4 29. Qxc4 Bxe5 30. Qc8+ Ke7 31. Bb4+ Bd6 32. Bxd6+ Kxd6 33. Qxb7 Ke7
34. Qxa6 Qh6 35. Qxh6 Rxh6 36. Nd4 Rb6 37. b3 Ne5 38. f4 Nd3 39. Nhf3 Nc5 40. b4
Ne4 41. Kg2 Ra6 42. Nc2 Rc6 43. Nfd4 Rc8 44. a4 Kd7 45. a5 Kc7 46. Kf3 Nd2+ 47.
Ke2 Nc4 48. Kd3 Kb7 49. e4 Nb2+ 50. Kd2 Re8 51. e5 g5 52. Kc3 Nd1+ 53. Kc4 Ka6
54. Kd5 gxf4 55. gxf4 Nf2 56. g5 Nd3 57. Ke4 Nb2 58. f5 Nc4 59. e6 fxe6 60. fxe6
Rg8 61. Kf5 Nd6+ 62. Ke5 Ne8 63. Nf3 Rg7 64. Ncd4 Rb7 65. Nc6 Rb5+ 66. Kf4 Kb7
67. Nfd4 Rd5 68. e7 Kc8 69. a6 Kc7 70. a7 Kb7 71. b5 Nc7 72. b6 Ne8 73. Nd8+ Ka8
74. N4c6 Rd7 75. Ke5 Ng7 76. Kf6 Ne8+ 77. Ke6 Nf6 78. e8=Q Nxe8 79. Kxd7 Nd6 80.
b7+ Nxb7 81. Nxb7 1-0

[Event "Desafio #12"]
[Site "http://www.queenalice.com/game.php?id=723915"]
[Date "2010.2.1"]
[Round "-"]
[White "GOrwell"]
[Black "Aylton"]
[Result "1-0"]
[WhiteElo "2181"]
[BlackElo "1983"]

1. d4 d5 2. c4 e6 3. Nc3 Nf6 4. Bg5 c6 5. e3 h6 6. Bh4 Nbd7 7. Nf3 Bb4 8. Bd3
Qa5 9. Qc2 dxc4 10. Bxc4 b5 11. Bd3 Nd5 12. Rc1 Qxa2 13. O-O Nxc3 14. Ra1 Qd5
15. bxc3 Be7 16. Bxe7 Kxe7 17. e4 Qd6 18. e5 Qc7 19. Nd2 Bb7 20. Ne4 f5 21. Nd6
a6 22. Qe2 g5 23. Qh5 Raf8 24. Qg6 c5 25. Qg7+ Kd8 26. Nf7+ Rxf7 27. Qxh8+ Nf8
28. Qxh6 g4 29. Rfd1 Qc6 30. d5 exd5 31. Qg5+ Kc7 32. Bf1 Qg6 33. Qxg6 Nxg6 34.
Re1 Re7 35. Bd3 Bc8 36. e6 Nh4 37. Kf1 c4 38. Bc2 Kd6 39. Re2 Rxe6 40. Rxe6+
Kxe6 41. Bd1 Ng6 42. f3 Ne5 43. fxg4 Nxg4 44. Bxg4 fxg4 45. Ke2 Ke5 46. Ke3 Bb7
47. Rf1 a5 48. Ra1 a4 49. Ra2 Bc6 50. h4 gxh3 51. gxh3 Be8 52. h4 b4 53. cxb4
d4+ 54. Kd2 c3+ 55. Kd3 Bb5+ 56. Kc2 Kd5 57. h5 Be8 58. h6 Kc4 59. b5 d3+ 60.
Kc1 Bg6 61. b6 d2+ 62. Rxd2 cxd2+ 63. Kxd2 a3 64. b7 a2 65. b8=Q a1=Q 66. Qg8+
Kc5 67. Qxg6 Qd4+ 68. Ke2 Qe5+ 69. Kf3 Qc3+ 70. Kg4 Qd4+ 71. Kg5 Qe3+ 72. Kf6
Qd4+ 73. Kf7 Qd7+ 74. Kg8 Qd8+ 75. Kg7 Qd4+ 76. Qf6 Qg4+ 77. Kf7 Qc4+ 78. Kf8
Qg4 79. Qe7+ Kc6 80. h7 Qf5+ 81. Kg7 Qg4+ 82. Kf7 Qh5+ 83. Kg8 Qg4+ 84. Kf8 Qf5+
85. Ke8 Qc8+ 86. Kf7 Kd5 87. Qf6 Qd7+ 88. Kg6 1-0

[Event "Desafio #13"]
[Site "http://www.queenalice.com/game.php?id=735507"]
[Date "2010.2.21"]
[Round "-"]
[White "Aylton"]
[Black "GOrwell"]
[Result "0-1"]
[WhiteElo "1998"]
[BlackElo "2190"]

1. d4 Nf6 2. Nf3 d5 3. e3 Bg4 4. h3 Bxf3 5. Qxf3 e6 6. c4 c6 7. a3 Bd6 8. Nc3
Nbd7 9. cxd5 cxd5 10. Bb5 O-O 11. O-O a6 12. Ba4 b5 13. Bc2 Rc8 14. Bd2 Nb6 15.
Bd3 Qe7 16. Rfc1 Nc4 17. Bxc4 Rxc4 18. Qe2 Rfc8 19. f3 Nh5 20. g4 Nf6 21. Kg2
Nd7 22. Be1 Nb6 23. Qd2 R4c6 24. Qe2 Nc4 25. f4 Qb7 26. Kf3 R8c7 27. h4 Qc8 28.
Na2 f6 29. Nb4 Bxb4 30. Bxb4 Ne5+ 31. dxe5 Rxc1 32. Rxc1 Rxc1 33. exf6 gxf6 34.
Qd3 Qc6 35. Kg3 Qd7 36. Bc3 e5 37. f5 Rg1+ 38. Kh3 h5 39. gxh5 e4 40. Qe2 Qxf5+
41. Kh2 Rg4 42. Be1 Qxh5 43. Qf2 f5 44. Qd2 Qf7 45. Kh3 Kh7 46. Qf2 Qg6 47. Kh2
Kh6 48. Qf1 Kh5 49. Qe2 Qd6+ 50. Kh3 Qe5 51. b4 d4 52. exd4 Qxd4 53. Kh2 Qe5+
54. Kh3 Qf4 55. Bf2 Qf3+ 56. Qxf3 exf3 57. Be1 Re4 58. Bf2 f4 59. Kh2 Re2 60.
Kg1 Re3 0-1

[Event "Desafio #14"]
[Site "http://www.queenalice.com/game.php?id=735509"]
[Date "2010.2.21"]
[Round "-"]
[White "GOrwell"]
[Black "Aylton"]
[Result "1-0"]
[WhiteElo "2173"]
[BlackElo "2051"]

1. d4 Nf6 2. c4 e6 3. Nc3 d5 4. Bg5 Nbd7 5. Nf3 c6 6. e3 Bb4 7. a3 Bxc3+ 8. bxc3
dxc4 9. Bxc4 b5 10. Bd3 h6 11. Bh4 Bb7 12. O-O a6 13. a4 O-O 14. e4 Qc8 15. Qe2
Re8 16. Bxf6 Nxf6 17. Nd2 Qd7 18. Nb3 Qc7 19. Nc5 Rad8 20. f4 Bc8 21. Bc2 g6 22.
g4 Kg7 23. Qg2 Kh7 24. h4 h5 25. gxh5 Nxh5 26. e5 Qe7 27. Qg4 Ng7 28. Ne4 Kh8
29. Nf6 Nf5 30. Bxf5 exf5 31. Qg5 Qf8 32. Nxe8 Rxe8 33. Qf6+ Kh7 34. Qxc6 bxa4
35. Qxa4 Rd8 36. Rf2 Qe7 37. Rd1 Qxh4 38. Rh2 Qxh2+ 39. Kxh2 1-0

[Event "Challenge"]
[Site "http://www.queenalice.com/game.php?id=739844"]
[Date "2010.3.2"]
[Round "-"]
[White "jjrphd"]
[Black "GOrwell"]
[Result "1-0"]
[WhiteElo "2289"]
[BlackElo "2206"]

1. e4 c5 2. Nc3 e6 3. Nf3 Nc6 4. d4 cxd4 5. Nxd4 Qc7 6. Ncb5 Qb8 7. g3 a6 8. Nc3
Nf6 9. Bg2 Be7 10. Bg5 O-O 11. O-O d6 12. Bxf6 Bxf6 13. Nxc6 bxc6 14. a4 Qc7 15.
Qd3 a5 16. Ra2 Ba6 17. Nb5 cxb5 18. axb5 Bb7 19. c4 Rfd8 20. b3 Ra7 21. Rd1 Be7
22. Qe3 Qc5 23. b4 Qxe3 24. fxe3 a4 25. e5 d5 26. c5 Rc8 27. b6 Raa8 28. e4 Rd8
29. exd5 exd5 30. Rc2 Rac8 31. Rcd2 a3 32. Bxd5 Bxd5 33. Rxd5 Rxd5 34. Rxd5 a2
35. Rd1 Kf8 36. b7 Rb8 37. c6 Bd8 38. Ra1 Bc7 39. Rxa2 Ke8 40. b5 Ke7 41. Ra8
Kd8 42. Kg2 Ke7 43. b6 1-0

[Event "AUTO-OPEN-1669"]
[Site "http://www.queenalice.com/game.php?id=740751"]
[Date "2010.3.4"]
[Round "3"]
[White "Pcchess"]
[Black "GOrwell"]
[Result "1/2-1/2"]
[WhiteElo "2011"]
[BlackElo "2178"]

1. e4 c5 2. Nc3 e6 3. g3 Nc6 4. Bg2 a6 5. d3 Nge7 6. f4 g6 7. Nf3 Bg7 8. O-O Qc7
9. Be3 b6 10. Qd2 O-O 11. Rae1 Bb7 12. g4 d5 13. exd5 exd5 14. d4 Na5 15. b3
Rac8 16. Ne2 Kh8 17. Ne5 Ng8 18. c3 Nf6 19. Ng3 c4 20. b4 Nc6 21. g5 Ne4 22.
Nxe4 dxe4 23. Bxe4 Ne7 24. Bxb7 Qxb7 25. Qg2 Qxg2+ 26. Kxg2 Rc7 27. Bd2 Nd5 28.
f5 Ra8 29. fxg6 fxg6 30. a4 Kg8 31. h4 b5 32. axb5 axb5 33. Ra1 Re8 34. Rfe1
Rce7 35. Nc6 Re2+ 36. Kf3 Rxe1 37. Rxe1 Rf8+ 38. Kg2 Kf7 39. Rf1+ Ke6 40. Rxf8
Bxf8 41. Na7 Nc7 42. Kf3 Bd6 43. Nc8 Bf8 44. Ke4 Nd5 45. Na7 Nc7 46. d5+ Nxd5
47. Nxb5 Bg7 48. Nd4+ Kd6 49. Be1 Bxd4 50. Kxd4 Nb6 51. Bg3+ Kc6 52. Bb8 Kb5 53.
Be5 Kc6 54. Bg7 Kb5 55. Bf8 Na4 56. Bg7 Nb6 57. Ke5 Kc6 58. Ke6 Nd5 59. Kf7 Ne3
60. Be5 Nf5 61. Kg8 Nxh4 62. Kxh7 Kd7 63. Bg3 Nf5 64. Bf2 Ne7 65. Kg7 Ke6 66. b5
Kf5 67. b6 Kxg5 68. Kf7 Nc6 69. Ke6 Kf4 70. Kd6 Na5 71. Kc5 Kf3 72. Bd4 g5 73.
Kb5 Nb7 74. Kxc4 Ke4 75. Kb5 Kd5 76. Bf2 Nd6+ 77. Ka6 Kc6 78. Bg3 Nb7 79. c4 g4
80. Bf2 Nd6 81. c5 Nb7 82. Ka7 Na5 83. Kb8 Nb7 84. Kc8 g3 85. Bxg3 Nxc5 86. Bc7
Nb7 87. Kb8 1/2-1/2

[Event "AUTO-OPEN-1669"]
[Site "http://www.queenalice.com/game.php?id=740752"]
[Date "2010.3.4"]
[Round "3"]
[White "GOrwell"]
[Black "Pcchess"]
[Result "0-1"]
[WhiteElo "2209"]
[BlackElo "2110"]

1. d4 Nf6 2. Nf3 g6 3. c4 Bg7 4. Nc3 O-O 5. e4 d6 6. Be2 e5 7. Be3 Nc6 8. d5 Ne7
9. O-O Ng4 10. Bg5 f5 11. Ne1 Nf6 12. f3 f4 13. b4 h6 14. Bxf6 Rxf6 15. Nd3 g5
16. c5 Bf8 17. Rc1 Ng6 18. Rc2 a6 19. Qc1 Rf7 20. Nd1 h5 21. N3f2 Rg7 22. Nb2
Nh4 23. h3 Bd7 24. a3 Rc8 25. c6 bxc6 26. dxc6 Be6 27. Bxa6 Ra8 28. Bc4 Qc8 29.
Bxe6+ Qxe6 30. a4 g4 31. hxg4 hxg4 32. Nxg4 Be7 33. Qd1 Kh7 34. Kf2 Rag8 35. Rh1
Qb3 36. Qd2 Rxg4 37. fxg4 Rxg4 38. Rg1 Qg3+ 39. Kf1 f3 40. Rh1 Kg6 41. Rxh4 Bxh4
42. Nc4 Qh2 43. Qe3 fxg2+ 44. Ke2 g1=Q+ 45. Kd3 Qxe3+ 46. Nxe3 Qh3 47. b5 Rg3
48. Re2 Bg5 49. a5 Rxe3+ 0-1

[Event "Challenge"]
[Site "http://www.queenalice.com/game.php?id=748321"]
[Date "2010.3.19"]
[Round "-"]
[White "GOrwell"]
[Black "KLEOJ"]
[Result "1-0"]
[WhiteElo "2196"]
[BlackElo "2129"]

1. d4 d5 2. Nf3 Nc6 3. Bf4 Bg4 4. e3 e6 5. Be2 Bd6 6. Bg3 Nf6 7. O-O O-O 8. c4
dxc4 9. Bxc4 Bxg3 10. hxg3 Qe7 11. Nc3 Rfd8 12. Qc2 Bf5 13. Qe2 Bg4 14. Qc2 Bf5
15. Qa4 a6 16. Qd1 b5 17. Be2 Nb4 18. Rc1 c5 19. a3 Nc6 20. Na2 Rac8 21. Rxc5
Ne4 22. Rc1 Nd6 23. Nd2 Na5 24. Nb4 Qa7 25. b3 e5 26. Rxc8 Rxc8 27. dxe5 Ne4 28.
Nxe4 Bxe4 29. Bd3 Rd8 30. Qc2 Bxd3 31. Nxd3 Qd7 32. Rd1 g6 33. Nb2 Qe7 34. Rxd8+
Qxd8 35. b4 Nb7 36. Nd3 Qd5 37. Nf4 Qc4 38. Qxc4 bxc4 39. Nd5 Kf8 40. Kf1 h5 41.
Ke2 a5 42. b5 Ke8 43. Kd2 Kd7 44. Nb6+ Ke6 45. Nxc4 Kd5 46. Kc3 Nc5 47. Nxa5
Kxe5 48. f3 Kd5 49. Nb3 Nb7 50. Kb4 f5 51. a4 Nd8 52. a5 Ne6 53. a6 Nc7 54. Nc5
g5 55. b6 Nxa6+ 56. Nxa6 Kc6 57. Ka5 Kb7 58. Nc5+ Kb8 59. Ka6 1-0

[Event "Challenge"]
[Site "http://www.queenalice.com/game.php?id=749961"]
[Date "2010.3.22"]
[Round "-"]
[White "waldi"]
[Black "GOrwell"]
[Result "0-1"]
[WhiteElo "1875"]
[BlackElo "2175"]

1. Nf3 g6 2. c4 Bg7 3. d4 Nf6 4. Nc3 d6 5. g3 O-O 6. Bg2 Nbd7 7. O-O c6 8. e4 e5
9. d5 c5 10. Ne1 Nh5 11. f4 exf4 12. Bxf4 Nxf4 13. Rxf4 Ne5 14. Qe2 Qe7 15. Rc1
f5 16. exf5 Bxf5 17. Rd1 Bh6 18. Rf2 Bg4 19. Nf3 Bxf3 20. Rxf3 Nxf3+ 21. Bxf3
Qxe2 22. Bxe2 a6 23. Bg4 Be3+ 24. Kh1 Rae8 0-1

[Event "Challenge"]
[Site "http://www.queenalice.com/game.php?id=757774"]
[Date "2010.4.7"]
[Round "-"]
[White "OpendemO"]
[Black "GOrwell"]
[Result "0-1"]
[WhiteElo "1895"]
[BlackElo "2206"]

1. e4 c5 2. Nf3 e6 3. c3 Nc6 4. Bb5 Nge7 5. O-O a6 6. Ba4 b5 7. Bc2 Qc7 8. d3 g6
9. Bg5 Bg7 10. Nbd2 h6 11. Bh4 O-O 12. Nb3 d6 13. Qe2 e5 14. Rad1 f5 15. Bxe7
Nxe7 16. d4 c4 17. Nc1 Bb7 18. dxe5 dxe5 19. Rfe1 f4 20. Nh4 Bc8 21. a4 Be6 22.
Na2 bxa4 23. Bxa4 a5 24. Rd2 g5 25. Nf3 Bf6 26. Red1 g4 27. Ne1 Rad8 0-1

[Event "Challenge"]
[Site "http://www.queenalice.com/game.php?id=768718"]
[Date "2010.4.30"]
[Round "-"]
[White "GOrwell"]
[Black "Rudolf"]
[Result "0-1"]
[WhiteElo "2194"]
[BlackElo "2237"]

1. d4 Nf6 2. Nf3 e6 3. c4 Nc6 4. Nc3 Bb4 5. Bg5 h6 6. Bh4 g5 7. Bg3 h5 8. h3 Ne4
9. Qc2 Bxc3+ 10. bxc3 Nxg3 11. fxg3 Qe7 12. e4 b6 13. Bd3 Bb7 14. Qd2 f6 15.
O-O-O O-O-O 16. Kb1 g4 17. Nh4 Qg7 18. Qf2 Kb8 19. Rd2 Ba6 20. Rb2 gxh3 21. gxh3
Na5 22. Rb4 d5 23. exd5 exd5 24. Nf5 Qf7 25. Ka1 Bxc4 26. Bc2 Rhe8 27. Ne3 Ba6
28. Rhb1 Qe6 29. Nf5 Qe2 30. Qxe2 Rxe2 31. Bd1 Rh2 32. h4 Bd3 33. Ng7 Bxb1 34.
Rxb1 Nc4 35. Nxh5 Nd2 36. Rc1 Ne4 37. Bf3 f5 38. Ng7 Nxg3 39. h5 Rg8 40. Ne6 Ne4
41. Nf4 Rf2 42. Bxe4 dxe4 43. Ng6 f4 44. Rh1 f3 45. h6 Rg2 0-1

[Event "AUTO-MASTER-987"]
[Site "http://www.queenalice.com/game.php?id=794164"]
[Date "2010.6.23"]
[Round "2"]
[White "TheBigSid"]
[Black "GOrwell"]
[Result "1-0"]
[WhiteElo "2131"]
[BlackElo "2197"]

1. d4 f5 2. c4 e6 3. Nc3 Nf6 4. g3 Be7 5. Bg2 O-O 6. Nh3 c6 7. c5 b6 8. b4 a5 9.
Ba3 axb4 10. Bxb4 Na6 11. a3 Nxb4 12. axb4 Rxa1 13. Qxa1 Qc7 14. O-O d5 15. Nf4
bxc5 16. bxc5 e5 17. dxe5 Qxe5 18. Ncxd5 Qxa1 19. Nxe7+ Kf7 20. Rxa1 Kxe7 21.
Ra7+ Bd7 22. Bxc6 Rc8 23. Bxd7 Nxd7 24. Nd5+ Ke8 25. Rxd7 Kxd7 26. Nb6+ Kc7 27.
Nxc8 Kxc8 28. Kg2 Kc7 29. Kf3 Kc6 30. Kf4 Kxc5 31. Kxf5 Kd6 32. e4 1-0

[Event "AUTO-MASTER-987"]
[Site "http://www.queenalice.com/game.php?id=794165"]
[Date "2010.6.23"]
[Round "2"]
[White "GOrwell"]
[Black "TheBigSid"]
[Result "0-1"]
[WhiteElo "2183"]
[BlackElo "2161"]

1. d4 Nf6 2. Nf3 e6 3. Bg5 Be7 4. c4 O-O 5. Nc3 d5 6. e3 c6 7. Bd3 h6 8. Bh4
Nbd7 9. O-O b6 10. Rc1 Bb7 11. Qe2 Rc8 12. Rfd1 dxc4 13. Bxc4 Nd5 14. Bxe7 Qxe7
15. e4 Nxc3 16. Rxc3 c5 17. d5 exd5 18. exd5 Qxe2 19. Bxe2 Nf6 20. Bc4 Ne4 21.
Re3 Nd6 22. Be2 Rfe8 23. Ne1 Rcd8 24. Rxe8+ Rxe8 25. Bf3 Ba6 26. Nc2 Be2 27. Re1
Bxf3 28. Rxe8+ Nxe8 29. gxf3 Kf8 30. Kf1 Ke7 31. Ke2 Kd6 32. Ne3 g6 33. Kd3 b5
34. b4 c4+ 35. Kd4 h5 36. h3 Ng7 37. Ke4 Nf5 38. Nd1 Ne7 39. Nc3 a6 40. a3 f5+
41. Kd4 g5 42. a4 bxa4 43. Nxa4 Nxd5 44. Kxc4 Ke5 45. Nc5 Nf4 46. Nxa6 Nxh3 47.
Kc5 Nf4 48. b5 Ne6+ 49. Kb4 h4 50. Nb8 h3 51. b6 Nd8 52. Kc5 h2 53. Nc6+ Nxc6
54. Kxc6 h1=Q 0-1

[Event "AUTO-MASTER-987"]
[Site "http://www.queenalice.com/game.php?id=794166"]
[Date "2010.6.23"]
[Round "2"]
[White "thewhitebishop"]
[Black "GOrwell"]
[Result "0-1"]
[WhiteElo "1922"]
[BlackElo "2170"]

1. d4 f5 2. g3 Nf6 3. Bg2 e6 4. Nh3 d5 5. Bf4 Be7 6. e3 O-O 7. Nd2 Nbd7 8. Ng5
Nb6 9. Ngf3 Bd7 10. Ne5 Be8 11. Qe2 c6 12. O-O-O Bh5 13. f3 a5 14. h3 a4 15. g4
Be8 16. a3 Nfd7 17. e4 fxe4 18. Be3 Nxe5 19. dxe5 d4 20. Nxe4 c5 21. Bf2 Nd5 22.
c4 Nf4 23. Qf1 b5 24. Nd2 b4 25. h4 Qb6 26. Nb1 Rb8 27. Rd2 Bg6 28. axb4 Qxb4
29. Na3 Qxa3 0-1

[Event "AUTO-MASTER-987"]
[Site "http://www.queenalice.com/game.php?id=794167"]
[Date "2010.6.23"]
[Round "2"]
[White "GOrwell"]
[Black "thewhitebishop"]
[Result "1-0"]
[WhiteElo "2164"]
[BlackElo "2012"]

1. d4 Nf6 2. Nf3 c5 3. c4 cxd4 4. Nxd4 e6 5. Nc3 Bb4 6. Nb5 a6 7. Nd6+ Bxd6 8.
Qxd6 Nc6 9. Bg5 Qe7 10. Qxe7+ Nxe7 11. e3 h6 12. Bxf6 gxf6 13. Ne4 f5 14. Nd6+
Kf8 15. Be2 Ng6 16. O-O-O Ke7 17. Rd2 b6 18. Rhd1 Ra7 19. g3 Ne5 20. f4 Ng4 21.
Bxg4 fxg4 22. e4 f6 23. b3 Bb7 24. b4 h5 25. b5 h4 26. c5 hxg3 27. hxg3 axb5 28.
cxb6 Ra6 29. Nxb7 Rc8+ 30. Kb2 d5 31. exd5 Rxb6 32. Na5 e5 33. fxe5 fxe5 34. Rc2
Ra8 35. Nb3 Rba6 36. Kb1 b4 37. Re1 Kd6 38. Re4 Kxd5 39. Rxb4 e4 40. Rc5+ Kd6
41. Rd4+ Ke7 42. Rxe4+ Kf6 43. Rc2 Kf5 44. Rf4+ Kg5 45. Rc5+ Kh6 46. Nc1 Rb8+
47. Kc2 Rg6 48. Nd3 Ra8 49. a4 Re8 50. Ne5 1-0

[Event "Desafio #15"]
[Site "http://www.queenalice.com/game.php?id=806576"]
[Date "2010.7.21"]
[Round "-"]
[White "Aylton"]
[Black "GOrwell"]
[Result "0-1"]
[WhiteElo "2028"]
[BlackElo "2156"]

1. d4 d5 2. Nf3 e6 3. e3 f5 4. c4 c6 5. a3 Nf6 6. Nc3 Be7 7. Be2 Nbd7 8. O-O O-O
9. h3 Ne4 10. Nxe4 fxe4 11. Nh2 Bd6 12. c5 Bc7 13. b4 e5 14. Bb2 Qh4 15. dxe5
Nxe5 16. f4 exf3 17. Nxf3 Nxf3+ 18. Rxf3 Rxf3 19. Bxf3 Qg5 20. Kf2 Bg3+ 21. Ke2
Be6 22. Qd4 Re8 23. Rh1 Bc8 24. h4 Qe7 25. h5 Qg5 26. Bc1 Be5 27. Qh4 Bf6 28.
Qxg5 Bxg5 29. Kf2 Bf5 30. g4 Be4 31. Bxe4 Rxe4 32. Kf3 Kf7 33. Rd1 Ke6 34. Rh1
Rc4 35. Re1 Rc2 36. Kg3 Ke5 37. Kf3 Bh4 38. Rf1 a6 39. h6 gxh6 40. a4 Bg5 41. a5
Ke6 42. Rh1 d4 43. Rd1 dxe3 44. Bxe3 Rc3 45. Re1 Kf6 46. Re2 Rxe3+ 47. Rxe3 Bxe3
48. Kxe3 Kg5 49. Kf3 h5 50. gxh5 Kxh5 51. Kf4 Kh4 52. Ke5 Kg5 53. Kd6 h5 54. Kc7
h4 55. Kxb7 h3 56. Kxc6 h2 57. Kb6 h1=Q 58. Kxa6 Qc6+ 59. Ka7 Kf6 60. a6 Ke6 61.
b5 Qxb5 62. c6 Qxc6 0-1

[Event "Desafio #16"]
[Site "http://www.queenalice.com/game.php?id=806577"]
[Date "2010.7.21"]
[Round "-"]
[White "GOrwell"]
[Black "Aylton"]
[Result "0-1"]
[WhiteElo "2173"]
[BlackElo "1992"]

1. d4 Nf6 2. c4 e6 3. Nc3 d5 4. Bg5 Nbd7 5. Nf3 c6 6. e3 Bb4 7. a3 Bxc3+ 8. bxc3
h6 9. Bxf6 Nxf6 10. Bd3 dxc4 11. Bxc4 b5 12. Bd3 O-O 13. O-O Bb7 14. a4 a6 15.
Qe2 Rc8 16. e4 Re8 17. Nd2 Kf8 18. Nb3 Ra8 19. Nc5 Qe7 20. e5 Ng8 21. Ne4 f5 22.
Nd6 Red8 23. Qh5 Rxd6 24. exd6 Qxd6 25. Rfe1 Re8 26. Bxf5 Nf6 27. Qg6 exf5 28.
Rxe8+ Nxe8 29. Qxf5+ Kg8 30. axb5 cxb5 31. Qe5 Qxe5 32. dxe5 Kf7 33. Rd1 Ke6 34.
f4 a5 35. Rd8 Bc6 36. Kf2 a4 37. Ke3 Ke7 38. Rd2 Nc7 39. g3 Bd5 40. Kd4 a3 41.
Kc5 a2 42. Rd1 Bc4 43. f5 Nd5 44. Kd4 Nb6 45. h3 Na4 46. g4 Nb2 47. Ra1 Nd3 48.
h4 Nf2 49. g5 hxg5 50. hxg5 Nh3 51. g6 Nf4 52. Kc5 Nh5 53. Rxa2 Bxa2 54. Kxb5
Bb1 55. f6+ Nxf6 56. exf6+ Kxf6 57. Kc5 Bxg6 58. Kd6 Bd3 0-1